000 00360nam a2200133Ia 4500
008 220217s9999||||xx |||||||||||||| ||und||
020 _a0-07-114732-2
082 _a621.382 SAR
100 _aSarrafzadeh, M
_92946
245 0 _aIntruduction to VLSI physical design
260 _aTata Mcgraw hill
_bNew York
_c1996
300 _b728
650 _aCIRCUITRY
999 _c170403
_d170403